Statistics for Find Three Merged Countries in One Minute

Click here to take the quiz!

General Stats

  • This quiz has been taken 104 times
  • The average score is 4 of 6

Answers on the Map

Answers color-coded by a green-red scale on the quiz's map according to % correct below.
 

Answer Stats

merged countriescountry% Correct
merged countriesAlbania
100%
merged countriesAlgeria
100%
merged countriesAlgeria
100%
merged countriesAngola
100%
merged countriesAngola
100%
merged countriesAustria
100%
merged countriesAustria
100%
merged countriesAustria
100%
merged countriesAustria
100%
merged countriesAzerbaijan
100%
merged countriesBangladesh
100%
merged countriesBelarus
100%
merged countriesBelarus
100%
merged countriesBelarus
100%
merged countriesBelgium
100%
merged countriesBelgium
100%
merged countriesBolivia
100%
merged countriesBolivia
100%
merged countriesBolivia
100%
merged countriesBosnia and Herzegovina
100%
merged countriesBrazil
100%
merged countriesBrazil
100%
merged countriesBrazil
100%
merged countriesBrazil
100%
merged countriesBrazil
100%
merged countriesBrazil
100%
merged countriesBrazil
100%
merged countriesBrazil
100%
merged countriesBulgaria
100%
merged countriesBulgaria
100%
merged countriesBurkina Faso
100%
merged countriesBurkina Faso
100%
merged countriesCambodia
100%
merged countriesCambodia
100%
merged countriesCameroon
100%
merged countriesCanada
100%
merged countriesCentral African Republic
100%
merged countriesCentral African Republic
100%
merged countriesCentral African Republic
100%
merged countriesChad
100%
merged countriesChad
100%
merged countriesChina
100%
merged countriesChina
100%
merged countriesChina
100%
merged countriesChina
100%
merged countriesColombia
100%
merged countriesColombia
100%
merged countriesCongo
100%
merged countriesCôte d'Ivoire
100%
merged countriesCroatia
100%
merged countriesCroatia
100%
merged countriesCzechia
100%
merged countriesCzechia
100%
merged countriesCzechia
100%
merged countriesDominican Republic
100%
merged countriesD.R. of the Congo
100%
merged countriesD.R. of the Congo
100%
merged countriesD.R. of the Congo
100%
merged countriesEgypt
100%
merged countriesEstonia
100%
merged countriesEthiopia
100%
merged countriesEthiopia
100%
merged countriesEthiopia
100%
merged countriesFrance
100%
merged countriesFrance
100%
merged countriesFrance
100%
merged countriesGermany
100%
merged countriesGermany
100%
merged countriesGermany
100%
merged countriesGermany
100%
merged countriesGhana
100%
merged countriesGreece
100%
merged countriesGuinea
100%
merged countriesGuyana
100%
merged countriesHaiti
100%
merged countriesHungary
100%
merged countriesHungary
100%
merged countriesHungary
100%
merged countriesIndia
100%
merged countriesIndia
100%
merged countriesIndia
100%
merged countriesIndonesia
100%
merged countriesIran
100%
merged countriesIran
100%
merged countriesIran
100%
merged countriesIran
100%
merged countriesIraq
100%
merged countriesIraq
100%
merged countriesIraq
100%
merged countriesIraq
100%
merged countriesItaly
100%
merged countriesItaly
100%
merged countriesJordan
100%
merged countriesJordan
100%
merged countriesKazakhstan
100%
merged countriesKazakhstan
100%
merged countriesKazakhstan
100%
merged countriesKenya
100%
merged countriesKenya
100%
merged countriesKyrgyzstan
100%
merged countriesKyrgyzstan
100%
merged countriesKyrgyzstan
100%
merged countriesLaos
100%
merged countriesLaos
100%
merged countriesLatvia
100%
merged countriesLatvia
100%
merged countriesLatvia
100%
merged countriesLesotho
100%
merged countriesLibya
100%
merged countriesLibya
100%
merged countriesLibya
100%
merged countriesLithuania
100%
merged countriesMalaysia
100%
merged countriesMali
100%
merged countriesMali
100%
merged countriesMali
100%
merged countriesMauritania
100%
merged countriesMexico
100%
merged countriesMorocco
100%
merged countriesMorocco
100%
merged countriesMozambique
100%
merged countriesMyanmar
100%
merged countriesMyanmar
100%
merged countriesMyanmar
100%
merged countriesNamibia
100%
merged countriesNetherlands
100%
merged countriesNiger
100%
merged countriesNiger
100%
merged countriesNiger
100%
merged countriesNiger
100%
merged countriesNigeria
100%
merged countriesNorway
100%
merged countriesOman
100%
merged countriesOman
100%
merged countriesPakistan
100%
merged countriesPakistan
100%
merged countriesPakistan
100%
merged countriesPakistan
100%
merged countriesParaguay
100%
merged countriesParaguay
100%
merged countriesPeru
100%
merged countriesPeru
100%
merged countriesPoland
100%
merged countriesPoland
100%
merged countriesPoland
100%
merged countriesPoland
100%
merged countriesRep. of the Congo
100%
merged countriesRomania
100%
merged countriesRomania
100%
merged countriesRomania
100%
merged countriesRussia
100%
merged countriesRussia
100%
merged countriesRussia
100%
merged countriesRussia
100%
merged countriesRussia
100%
merged countriesSaudi Arabia
100%
merged countriesSaudi Arabia
100%
merged countriesSerbia
100%
merged countriesSlovakia
100%
merged countriesSlovenia
100%
merged countriesSomalia
100%
merged countriesSouth Africa
100%
merged countriesSouth Africa
100%
merged countriesSouth Sudan
100%
merged countriesSouth Sudan
100%
merged countriesSudan
100%
merged countriesSuriname
100%
merged countriesSweden
100%
merged countriesSwitzerland
100%
merged countriesSyria
100%
merged countriesSyria
100%
merged countriesTajikistan
100%
merged countriesTanzania
100%
merged countriesTanzania
100%
merged countriesTurkey
100%
merged countriesTurkey
100%
merged countriesTurkmenistan
100%
merged countriesUganda
100%
merged countriesUkraine
100%
merged countriesUkraine
100%
merged countriesUkraine
100%
merged countriesUnited Kingdom
100%
merged countriesUnited States
100%
merged countriesUnited States
100%
merged countriesUruguay
100%
merged countriesVietnam
100%
merged countriesYemen
100%
merged countriesYemen
100%
merged countriesZambia
100%
merged countriesBelarus
75%
merged countriesCôte d'Ivoire
75%
merged countriesGuinea
75%
merged countriesAlgeria
67%
merged countriesMali
67%
merged countriesNiger
67%
merged countriesAfghanistan
50%
merged countriesAlgeria
50%
merged countriesArgentina
50%
merged countriesArgentina
50%
merged countriesArgentina
50%
merged countriesAustria
50%
merged countriesBolivia
50%
merged countriesBosnia and Herzegovina
50%
merged countriesBotswana
50%
merged countriesCameroon
50%
merged countriesChad
50%
merged countriesChina
50%
merged countriesChina
50%
merged countriesCongo
50%
merged countriesCzechia
50%
merged countriesD.R. of the Congo
50%
merged countriesEcuador
50%
merged countriesFinland
50%
merged countriesIran
50%
merged countriesIreland
50%
merged countriesItaly
50%
merged countriesKazakhstan
50%
merged countriesMalaysia
50%
merged countriesMali
50%
merged countriesMauritania
50%
merged countriesMoldova
50%
merged countriesNamibia
50%
merged countriesNepal
50%
merged countriesNorth Korea
50%
merged countriesPeru
50%
merged countriesRomania
50%
merged countriesRussia
50%
merged countriesSaudi Arabia
50%
merged countriesSerbia
50%
merged countriesTajikistan
50%
merged countriesThailand
50%
merged countriesTunisia
50%
merged countriesUnited Arab Emirates
50%
merged countriesUruguay
50%
merged countriesUzbekistan
50%
merged countriesUzbekistan
50%
merged countriesZambia
50%
merged countriesAzerbaijan
33%
merged countriesIran
33%
merged countriesAfghanistan
0%
merged countriesAfghanistan
0%
merged countriesAfghanistan
0%
merged countriesAlbania
0%
merged countriesAlgeria
0%
merged countriesAlgeria
0%
merged countriesAngola
0%
merged countriesArgentina
0%
merged countriesArgentina
0%
merged countriesArmenia
0%
merged countriesBelarus
0%
merged countriesBenin
0%
merged countriesBenin
0%
merged countriesBhutan
0%
merged countriesBhutan
0%
merged countriesBolivia
0%
merged countriesBotswana
0%
merged countriesBotswana
0%
merged countriesBrazil
0%
merged countriesBurkina Faso
0%
merged countriesBurkina Faso
0%
merged countriesCambodia
0%
merged countriesCameroon
0%
merged countriesCameroon
0%
merged countriesCentral African Republic
0%
merged countriesCentral African Republic
0%
merged countriesCentral African Republic
0%
merged countriesChad
0%
merged countriesChad
0%
merged countriesChile
0%
merged countriesChile
0%
merged countriesChina
0%
merged countriesChina
0%
merged countriesChina
0%
merged countriesChina
0%
merged countriesChina
0%
merged countriesChina
0%
merged countriesChina
0%
merged countriesColombia
0%
merged countriesColombia
0%
merged countriesCongo
0%
merged countriesCôte d'Ivoire
0%
merged countriesCôte d'Ivoire
0%
merged countriesCôte d'Ivoire
0%
merged countriesD.R. of the Congo
0%
merged countriesD.R. of the Congo
0%
merged countriesEcuador
0%
merged countriesEgypt
0%
merged countriesEritrea
0%
merged countriesEritrea
0%
merged countriesEstonia
0%
merged countriesEthiopia
0%
merged countriesEthiopia
0%
merged countriesFinland
0%
merged countriesFinland
0%
merged countriesFrance
0%
merged countriesFrance
0%
merged countriesGabon
0%
merged countriesGeorgia
0%
merged countriesGeorgia
0%
merged countriesGermany
0%
merged countriesGermany
0%
merged countriesGhana
0%
merged countriesGhana
0%
merged countriesGreece
0%
merged countriesGuatemala
0%
merged countriesGuatemala
0%
merged countriesGuinea
0%
merged countriesGuinea
0%
merged countriesGuinea
0%
merged countriesGuyana
0%
merged countriesGuyana
0%
merged countriesHonduras
0%
merged countriesHonduras
0%
merged countriesHungary
0%
merged countriesIndia
0%
merged countriesIndia
0%
merged countriesIndia
0%
merged countriesIndonesia
0%
merged countriesIraq
0%
merged countriesJordan
0%
merged countriesKenya
0%
merged countriesKenya
0%
merged countriesLaos
0%
merged countriesLaos
0%
merged countriesLaos
0%
merged countriesLatvia
0%
merged countriesLiberia
0%
merged countriesLiberia
0%
merged countriesLiberia
0%
merged countriesLibya
0%
merged countriesLibya
0%
merged countriesLibya
0%
merged countriesLithuania
0%
merged countriesMalawi
0%
merged countriesMali
0%
merged countriesMali
0%
merged countriesMauritania
0%
merged countriesMauritania
0%
merged countriesMexico
0%
merged countriesMoldova
0%
merged countriesMongolia
0%
merged countriesMongolia
0%
merged countriesMozambique
0%
merged countriesMozambique
0%
merged countriesMozambique
0%
merged countriesMozambique
0%
merged countriesMyanmar
0%
merged countriesNamibia
0%
merged countriesNepal
0%
merged countriesNetherlands
0%
merged countriesNicaragua
0%
merged countriesNiger
0%
merged countriesNigeria
0%
merged countriesNigeria
0%
merged countriesNorth Korea
0%
merged countriesNorth Macedonia
0%
merged countriesNorth Macedonia
0%
merged countriesNorway
0%
merged countriesOman
0%
merged countriesPapua New Guinea
0%
merged countriesParaguay
0%
merged countriesPeru
0%
merged countriesPoland
0%
merged countriesPortugal
0%
merged countriesRomania
0%
merged countriesRussia
0%
merged countriesRussia
0%
merged countriesRussia
0%
merged countriesRussia
0%
merged countriesSaudi Arabia
0%
merged countriesSaudi Arabia
0%
merged countriesSenegal
0%
merged countriesSenegal
0%
merged countriesSenegal
0%
merged countriesSerbia
0%
merged countriesSierra Leone
0%
merged countriesSierra Leone
0%
merged countriesSlovakia
0%
merged countriesSlovakia
0%
merged countriesSomalia
0%
merged countriesSouth Africa
0%
merged countriesSouth Africa
0%
merged countriesSouth Korea
0%
merged countriesSouth Sudan
0%
merged countriesSouth Sudan
0%
merged countriesSouth Sudan
0%
merged countriesSpain
0%
merged countriesSpain
0%
merged countriesSudan
0%
merged countriesSudan
0%
merged countriesSudan
0%
merged countriesSudan
0%
merged countriesSudan
0%
merged countriesSudan
0%
merged countriesSuriname
0%
merged countriesSweden
0%
merged countriesSwitzerland
0%
merged countriesSwitzerland
0%
merged countriesSyria
0%
merged countriesTajikistan
0%
merged countriesTajikistan
0%
merged countriesThailand
0%
merged countriesThailand
0%
merged countriesThailand
0%
merged countriesTogo
0%
merged countriesTogo
0%
merged countriesTunisia
0%
merged countriesTurkey
0%
merged countriesTurkey
0%
merged countriesTurkey
0%
merged countriesTurkmenistan
0%
merged countriesTurkmenistan
0%
merged countriesUganda
0%
merged countriesUganda
0%
merged countriesUkraine
0%
merged countriesUkraine
0%
merged countriesUnited Arab Emirates
0%
merged countriesUzbekistan
0%
merged countriesVenezuela
0%
merged countriesVenezuela
0%
merged countriesVenezuela
0%
merged countriesVietnam
0%
merged countriesVietnam
0%
merged countriesZambia
0%
merged countriesZambia
0%
merged countriesZimbabwe
0%
merged countriesZimbabwe
0%
merged countriesZimbabwe
0%

Score Distribution

Percentile by Number Answered

Percent of People with Each Score

Your Score History

You have not taken this quiz